| 000 | 00815cam a22002651 4500 | ||
|---|---|---|---|
| 001 | 27738 | ||
| 003 | BD-RjUL | ||
| 005 | 20211209051209.0 | ||
| 008 | 140327s1962 ii cb b 001 0 eng | ||
| 035 | _a(BD-RjUL)27817 | ||
| 035 | _a(OCoLC)1692523 | ||
| 040 |
_aDLC _cFM _dOCoLC _dUk _dDLC _beng |
||
| 041 | _aeng | ||
| 082 |
_a962.04 _bROF 1962 |
||
| 100 | 1 |
_aRowlatt, Mary. _985155 |
|
| 245 | 1 | 0 |
_aFounders of modern Egypt / _cForeword by G.P. Gooch. |
| 260 |
_aBombay ; _aLondon ; _aNew York : _bAsia Pub. House, _cc1962. |
||
| 300 |
_a188 p. : _billus. ; _c23 cm. |
||
| 504 | _aIncludes bibliographical references and index. | ||
| 651 | 0 |
_aEgypt _xHistory _yIsmail, 1863-1879. _985156 |
|
| 651 | 0 |
_aEgypt _xHistory _yTawfīq, 1879-1892. _985157 |
|
| 942 |
_2ddc _cBK |
||
| 999 |
_c27738 _d27738 |
||